Statystyki dla Państwa o najdłuższych liniach brzegowych

Kliknij tutaj aby rozwiązać quiz!

Ogólne statystyki

  • Ten quiz został rozwiązany 4,982 razy
  • Średni wynik to 16 z 20

Statystyki odpowiedzi

Kilometry Kraj % poprawnych
69 500Stany Zjednoczone
99%
73 100Rosja
99%
137 000Kanada
98%
18 700Brazylia
96%
34 100Australia
94%
16 800Chiny
92%
31 300Chile
90%
15 500Japonia
89%
11 000Indie
89%
27 400Norwegia
87%
15 600Meksyk
87%
52 500Indonezja
80%
16 700Wielka Brytania
79%
48 800Dania
(wliczając Grenlandię)
74%
6 520Szwecja
74%
10 300Nowa Zelandia
73%
12 200Francja
71%
17 300Filipiny
48%
9 480Grecja
44%
11 200Papua-Nowa Gwinea
31%

Rozkład punktacji

Percentyl według liczby udzielonych odpowiedzi

Procent ludzi z każdym wynikiem

Twoja historia wyników

Nie rozwiązałeś tego quizu